LEADER 01196nam0 22003253i 450 001 RML0459651 005 20231121125803.0 010 $a2020134101 100 $a20200729d1992 ||||0itac50 ba 101 | $afre 102 $afr 181 1$6z01$ai $bxxxe 182 1$6z01$an 200 1 $aPassions communes$fGeorges Duby, Bronislaw Geremek$gentretiens avec Philippe Sainteny 210 $aParis$cEditions du Seuil$d1992 215 $a174 p.$d21 cm. 606 $aDuby, Georges$xInterviste$2FIR$3RMLC456834$9N 606 $aGeremek, Bronis?aw$xInterviste$2FIR$3RMLC456835$9N 676 $a907.202$9Storici e storiografi.$v22 700 1$aDuby$b, Georges$f <1919-1996>$3CFIV005379$4070$011158 701 1$aGeremek$b, Bronis?aw$3CFIV018128$4070$0285014 702 1$aSainteny$b, Philippe$3RAVV084277 801 3$aIT$bIT-01$c20200729 850 $aIT-FR0017 899 $aBiblioteca umanistica Giorgio Aprea$bFR0017 $eN 912 $aRML0459651 950 0$aBiblioteca umanistica Giorgio Aprea$d 52DGA S 215$e 52SBA0000263435 VMB RS $fA $h20200729$i20200729 977 $a 52 996 $aPassions communes$93634147 997 $aUNICAS LEADER 01349nam0 22002891i 450 001 UON00283816 005 20231205103849.702 010 $a88-8453-260-4 100 $a20061115d2005 |0itac50 ba 101 $aita 102 $aIT 105 $a|||| 1|||| 200 1 $aˆIl ‰mondo musulmano e i volti della guerra. Conflitto, politica e comunicazione nella storia dell'Islam$fAlessandro Vanoli 210 $aFirenze$cFirenze University Press$d2005 215 $a170 p.$d23 cm 410 1$1001UON00275591$12001 $aKykeion$eStudi e testi. 1. Scienze delle Religioni$dKykeion Studies and Texts. 1. Sciences of Religions$fa cura di Federico Squarcini$v1 606 $aISLAM$xCONCETTO DI GUERRA$3UONC060864$2FI 620 $aIT$dFirenze$3UONL000052 686 $aARA V$cPAESI ARABI - POLITOLOGIA$2A 700 1$aVANOLI$bAlessandro$3UONV164042$0515301 712 $aFirenze University Press$3UONV266087$4650 801 $aIT$bSOL$c20240220$gRICA 899 $aSIBA - SISTEMA BIBLIOTECARIO DI ATENEO$2UONSI 912 $aUON00283816 950 $aSIBA - SISTEMA BIBLIOTECARIO DI ATENEO$dSI ARA V 022 N $eSI SA 118525 7 022 N 996 $aMondo musulmano e i volti della guerra. Conflitto, politica e comunicazione nella storia dell'Islam$91245794 997 $aUNIOR